The Rise of the Opposition /
En este artículo se analiza el movimiento opositor en Chile. Se estudian las circunstancias en que dicho movimiento ha debido organizarse, crecer y fortalecerse. Las pugnas políticas son el tema central del trabajo, por lo cual se incluyen análisis de los partidos políticos de izquierda, la iglesia,...
Salvato in:
| Autore principale: | |
|---|---|
| Natura: | testo |
| Soggetti: | |
| Tags: |
Aggiungi Tag
Nessun Tag, puoi essere il primo ad aggiungerne!!
|
MARC
| LEADER | 00000 a a2200000 04500 | ||
|---|---|---|---|
| 001 | 9849 | ||
| 003 | |||
| 040 | |||
| 100 | |a Ringes, John | ||
| 245 | |a The Rise of the Opposition / |c John Ringes | ||
| 520 | |a En este artículo se analiza el movimiento opositor en Chile. Se estudian las circunstancias en que dicho movimiento ha debido organizarse, crecer y fortalecerse. Las pugnas políticas son el tema central del trabajo, por lo cual se incluyen análisis de los partidos políticos de izquierda, la iglesia, el movimiento obrero, la derecha y el movimiento centrista. Apunta que la organización de la oposición en Chile es un proceso que tiene años de estar en evolución. A pesar de sufrir constantes ataques represivos del gobierno, sus resultados son ahora importantes: cada vez asume posiciones más relevantes y decisivas para el futuro político de Chile. ABB/mb | ||
| 650 | |a OPOSICION POLITICA | ||
| 650 | |a IDEOLOGIAS POLITICAS | ||
| 650 | |a INTEGRACION POLITICA | ||
| 650 | |a DOCTRINAS POLITICAS | ||
| 650 | |a LIDERAZGO POLITICO | ||
| 650 | |a ASPECTOS POLITICOS | ||
| 773 | |g volumen 17, número 5; páginas 15-26 | ||
| 999 | |c 36120 |d 36120 | ||
